The threatening storm : (Record no. 15516)

000 -LEADER
fixed length control field 01512cam a22003494a 4500
001 - CONTROL NUMBER
control field 12878367
005 - DATE AND TIME OF LATEST TRANSACTION
control field 20170105102919.0
008 - FIXED-LENGTH DATA ELEMENTS--GENERAL INFORMATION
fixed length control field 020801s2002 nyub b 001 0 eng
010 ## - LIBRARY OF CONGRESS CONTROL NUMBER
LC control number 2002031619
020 ## - INTERNATIONAL STANDARD BOOK NUMBER
International Standard Book Number 0375509283 (alk. paper)
040 ## - CATALOGING SOURCE
Original cataloging agency DLC
Transcribing agency DLC
Modifying agency DLC
042 ## - AUTHENTICATION CODE
Authentication code pcc
043 ## - GEOGRAPHIC AREA CODE
Geographic area code a-iq---
-- n-us---
050 00 - LIBRARY OF CONGRESS CALL NUMBER
Classification number DS79.75
Item number .P65 2002
082 00 - DEWEY DECIMAL CLASSIFICATION NUMBER
Classification number 956.7044/3
Edition number 21
100 1# - MAIN ENTRY--PERSONAL NAME
Personal name Pollack, Kenneth M.
Fuller form of name (Kenneth Michael),
Dates associated with a name 1966-
245 14 - TITLE STATEMENT
Title The threatening storm :
Remainder of title the case for invading Iraq /
Statement of responsibility, etc. Kenneth M. Pollack.
250 ## - EDITION STATEMENT
Edition statement 1st ed.
260 ## - PUBLICATION, DISTRIBUTION, ETC.
Place of publication, distribution, etc. New York :
Name of publisher, distributor, etc. Random House,
Date of publication, distribution, etc. c2002.
300 ## - PHYSICAL DESCRIPTION
Extent xxx, 494 p. :
Other physical details map ;
Dimensions 25 cm.
504 ## - BIBLIOGRAPHY, ETC. NOTE
Bibliography, etc. note Includes bibliographical references and index.
650 #0 - SUBJECT ADDED ENTRY--TOPICAL TERM
Topical term or geographic name entry element National security
Geographic subdivision United States.
651 #0 - SUBJECT ADDED ENTRY--GEOGRAPHIC NAME
Geographic name Iraq
General subdivision Politics and government
Chronological subdivision 1991-2003.
651 #0 - SUBJECT ADDED ENTRY--GEOGRAPHIC NAME
Geographic name United States
General subdivision Relations
Geographic subdivision Middle East.
651 #0 - SUBJECT ADDED ENTRY--GEOGRAPHIC NAME
Geographic name Middle East
General subdivision Relations
Geographic subdivision United States.
856 42 - ELECTRONIC LOCATION AND ACCESS
Materials specified Contributor biographical information
Uniform Resource Identifier <a href="http://www.loc.gov/catdir/bios/random054/2002031619.html">http://www.loc.gov/catdir/bios/random054/2002031619.html</a>
856 41 - ELECTRONIC LOCATION AND ACCESS
Materials specified Sample text
Uniform Resource Identifier <a href="http://www.loc.gov/catdir/samples/random044/2002031619.html">http://www.loc.gov/catdir/samples/random044/2002031619.html</a>
856 42 - ELECTRONIC LOCATION AND ACCESS
Materials specified Publisher description
Uniform Resource Identifier <a href="http://www.loc.gov/catdir/description/random0411/2002031619.html">http://www.loc.gov/catdir/description/random0411/2002031619.html</a>
906 ## - LOCAL DATA ELEMENT F, LDF (RLIN)
a 7
b cbc
c orignew
d 1
e ocip
f 20
g y-gencatlg
942 ## - ADDED ENTRY ELEMENTS (KOHA)
Source of classification or shelving scheme
Koha item type Book
Holdings
Withdrawn status Lost status Damaged status Not for loan Collection code Permanent Location Current Location Shelving location Date acquired Total Checkouts Full call number Barcode Date last seen Price effective from Koha item type
          Centre for International Peace & Stability (CIPS) Centre for International Peace & Stability (CIPS) General Stacks 10/02/2013   956.70443 POL 2002 CIPS0001771 12/03/2013 12/03/2013 Book
© 2023 Central Library, National University of Sciences and Technology. All Rights Reserved.